| 000 | 00000cas 2200000zi 4500 |
| 001 | 9.875415 |
| 003 | CaOODSP |
| 005 | 20260413155925 |
| 006 | m o d f |
| 007 | cr cn |||||||| |
| 008 | 190624c20189999qucar p o f0###a0eng|d |
| 022 | |a2562-671X |
| 040 | |aCaOODSP|beng|erda|cCaOODSP |
| 043 | |an-cn--- |
| 086 | 1 |aTU1-19E-PDF |
| 222 | 0|aStatistical summary, pipeline transportation occurrences in ... |
| 245 | 00|aStatistical summary, pipeline transportation occurrences in … |
| 264 | 1|aGatineau, QC : |bTransportation Safety Board of Canada = Bureau de la sécurité des transports du Canada, |c2019- |
| 310 | |aAnnual |
| 336 | |atext|2rdacontent |
| 337 | |acomputer|2rdamedia |
| 338 | |aonline resource|2rdacarrier |
| 362 | 1 |aBegan with 2018. |
| 500 | |aIssued also in French under title: Sommaire statistique, événements de transport pipelinier en ... |
| 588 | |aDescription based on: 2018. |
| 588 | |aLatest issue consulted: 2018. |
| 692 | 07|2gccst|aPipelines |
| 692 | 07|2gccst|aSafety |
| 710 | 2 |aTransportation Safety Board of Canada. |
| 775 | 08|tSommaire statistique, événements de transport pipelinier en …|w(CaOODSP)9.875416 |
| 780 | 00|tStatistical summary, pipeline occurrences ... |w(CaOODSP)9.507217 |
| 856 | 40|qHTML|sN/A|uhttp://www.bst-tsb.gc.ca/eng/stats/pipeline/stats.html |